000 00197 a2200097 4500
001 7663
100 _aNazar,
245 _aIqbal Aur Hadrabad
260 _a
_bIqbal Academy
_c
090 _c6131
_d6131
942 _aNUST-CAE
_cM
_c32636
999 _c242736
_d242736